Представление документа в формате RUSMARC

ПолеНазваниеЗначение
  Тип записи a
  Библиографический уровень m
001 Контрольный номер RU/CBS_UL/BASE/4e246a722939408db0569921329ecafa
005 Дата корректировки 20260302155540.3
010 Индекс ISBN __
a ISBN 978-5-699-68166-2
b Уточнения в пер.
d Цена 218 р. 91 к.
9 Тираж 4 000 экз.
100 Данные общей обработки __
a Данные общей обработки 20260302d 0rusy0189## ca
101 Язык документа 0_
a Язык текста rus
102 Страна публикации __
a Страна публикации RU
200 Заглавие и сведения об ответственности 1_
a Заглавие Хоккей
e Сведения, относящиеся к заглавию родоначальники и новички
f Первые сведения об ответственности А. В. Тарасов
210 Выходные данные 1_
a Место издания Москва
c Издательство ЭКСМО
d Дата издания 2015
215 Физическое описание __
a Объем 407, [1] с.
c Иллюстрации/тип воспроизводства портр., фот.
d Формат 24 см.
225 Серия 2_
a Серия Мастера спорта
300 Общие примечания __
a Общие примечания 0+
600 Персоналии _1
a Персоналии (Фамилия) Тарасов
b Персоналии (Имя, инициалы) А. В.
600 Персоналии _1
a Персоналии (Фамилия) Фирсов
b Персоналии (Имя, инициалы) А. В.
600 Персоналии _1
a Персоналии (Фамилия) Харламов
b Персоналии (Имя, инициалы) В. Б.
600 Персоналии _1
a Персоналии (Фамилия) Третьяк
b Персоналии (Имя, инициалы) В. А.
606 Тематические рубрики 0_
a Основная рубрика Тарасов, Анатолий Владимирович (1918-1995)
610 Ключевые слова 0_
a Ключевые слова хоккей; тренеры хоккейные; спортсмены; школы хоккейные; хоккеисты советские; игры спортивные
686 Индексы других классификаций __
2 Код системы rubbk
a Классификационный индекс 75.579
700 Автор _1
a Фамилия Тарасов
b Имя (инициалы) А. В.
g Полное личное имя Анатолий Владимирович
801 Источник записи _0
a Страна RU
b Организация МБУК ЦБС г. Ульяновска
c Дата составления 20260302
g Правила каталогизации RCR
801 Источник записи _1
a Страна RU
b Организация МБУК ЦБС г. Ульяновска
c Дата составления 20260302
g Правила каталогизации RCR
852 Данные о местонахождении __
i Авторский знак Т 19
j Шифр хранения 75.5
900 Электронные ресурсы __
a Имя электронного ресурса хокк тар
901 Тип документа __
t Тип документа m
909 Создатель записи __
a Создатель записи obr4
b Дата создания записи 20260302